Financial markets and Corporate Strategy (Record no. 2791)

MARC details
000 -LEADER
fixed length control field 01696nam a2200181 4500
020 ## - INTERNATIONAL STANDARD BOOK NUMBER
ISBN 9780077129422
022 ## - INTERNATIONAL STANDARD SERIAL NUMBER
ISSN 0077129423
050 ## - CALL NUMBER
Classification number HG181.H54
100 ## - AUTHOR
Personal name Mark Grinblatt
245 ## - TITLE
Title Financial markets and Corporate Strategy
Statement of responsibility, etc Mark Grinblatt; Sheridan Titman
250 ## - EDITION
Edition statement 2nd European Edition
260 ## - PUBLICATION INFORMATION
Place of publication New York
Name of publisher McGraw-Hill Higher Education ; London : McGraw-Hill [distributor],
Year of publication 2011
300 ## - DESCRIPTION
Number of Pages 854p
Other physical details 1 volume : illustrations
500 ## - NOTES
General note Includes index
505 ## - FORMATTED CONTENTS NOTE
Table of Content Part I. Financial Markets and Financial Instruments1. Raising Capital2. Debt Financing3. Equity FinancingPart II. Valuing Financial Assets4. Portfolio Tools5. Mean-Variance Analysis and the Capital Asset Pricing Model6. Factor Models and the Arbitrage Pricing Theory7. Pricing Derivatives8. OptionsPart III. Valuing Real Assets9. Discounting and Valuation10. Investing in Risk-Free Projects11. Investing in Risky Projects12. Allocating Capital and Corporate Strategy13. Corporate Taxes and the Impact of Financing On Real Asset ValuationPart IV. Capital Financial Structure14. How Taxes Affect Financing Choices15. How Taxes Affect Dividends and Share Repurchases16. Bankruptcy Costs and Debt Holder-Equity Holder Conflicts17. Capital Structure and Corporate StrategyPart V. Incentives, Information, and Corporate Control18. How Managerial Incentives Affects Financial Decisions19. The Information Conveyed by Financial Decisions20. Mergers and AcquisitionsPart VI. Risk Management21. Risk Management and Corporate Strategy22. The Practice of Hedging23. Interest Rate Risk Management
650 ## - SUBJECTS
Topical Term Financial institutions -- United States.
General subdivision Corporations -- United States -- Finance.
942 ## - ADDED ENTRY ELEMENTS (KOHA)
Koha item type Books
Holdings
Withdrawn status Lost status Collection code Home library Current library Shelving location Date acquired Full call number Accession Number Koha item type
    Reference Methodist University Library Main Methodist University Library Main General Stacks 22/11/2013 HG181.H54 38819 Books
Copyright © 2026  MUG Library